000 00985nam a2200253Ia 4500
003 OSt
005 20220923222650.0
006 a|||||r|||| 00| 0
007 ta
008 220922b |||||||| |||| 00| 0 hin d
024 _a206,945
037 _cTextual
040 _aARTS
_cARTS
_bhin
041 _2hin
_ahin
082 _aO152,6N171:g, M4
100 _aउपाध्याय, विश्वम्भरनाथ; शंकर, प्रेम, संपा.
_9167173
245 0 _aदेवराज
_b साहित्यकार और चिंतक
246 _aDevarāja: sāhityakār aur chiantaka
260 _aलखनऊ
_b अंकन प्रका0
_c1984
300 _a265पृ.
_ccm.
650 _aहिन्दी साहित्य
_9156264
942 _hO152,6N171:g, M4
_cTEXL
_2CC
999 _c357565
_d357565